000 00626cam a22001935a 4500
001 ##J100720
008 000000s1908 000 0 eng u
035 _a(Sirsi) u100720
041 0 _aeng
050 0 4 _a942.273 $2 22
110 2 _aAuctioneers' Institute of the United Kingdom
_93785
245 0 0 _aAnnual provincial meeting at Nottingham, 1908
260 _a[S.l.]
_b[s.n.]
_c1908
300 _a16p.
_bill
_c14cm.
520 _aPamphlet outlining the objectives of the institution and itinerary of the institution work visit to Nottingham.
651 4 _aUnited Kingdom
_y
690 _aAuctioneering
_96218
942 _n0
999 _c99777
_d99777